Dutch Harry Potter character names - Statistics

General Stats
  • This quiz has been taken 44 times
  • The average score is 7 of 16
Answer Stats
Dutch name Answer % Correct
Ron Wemel Ron Weasley
98%
Sneep Snape
98%
Hermelien Griffel Hermione Granger
93%
Wormstaart Wormtail
76%
Perkamentus Dumbledore
64%
Malfidus Malfoy
64%
Anderling McGonagall
36%
Simon Filister Seamus Finnigan
33%
Marten Vilijn Tom Riddle
26%
Carlo Kannewasser Cedric Diggory
21%
Sluipvoet Padfoot
19%
Zwamdrift Trelawney
19%
Dwaaloog Dolleman Mad-Eye Moody
17%
Gaffel Prongs
17%
Romeo Wolkenveldt Kingsley Shacklebolt
14%
Maanling Moony
14%
No matching quizzes found
Score Distribution
Percent of People with Each Score
Percentile by Number Answered
Your Score History
You have not taken this quiz